[Event "Anapa Blitz op"]
[Site "Anapa"]
[Date "2023.10.06"]
[Round "6"]
[White "Akentjev, Kirill"]
[Black "Nazarova, Evgeniya"]
[Result "0-1"]
[WhiteElo "1411"]
[BlackElo "1610"]
[PlyCount "85"]
[EventDate "2023.10.06"]
[EventType "swiss (blitz)"]
[EventRounds "13"]
[EventCountry "RUS"]
[SourceTitle "CBM 216 Extra"]
[Source "ChessBase"]
[SourceDate "2023.11.30"]
[SourceVersion "1"]
[SourceVersionDate "2023.11.30"]
[SourceQuality "1"]

1. e4 c5 2. c3 e6 3. d4 d5 4. e5 Nc6 5. Nf3 Nh6 6. Bxh6 gxh6 7. a3 cxd4 8. cxd4 Bd7 9. b4 Qb6 10. Be2 Rg8 11. g3 Ne7 12. Bd3 Ng6 13. Nc3 Rc8 14. Rc1 a5 15. b5 Bxa3 16. Rc2 Bb4 17. Qc1 Bxb5 18. Ke2 Bxd3+ 19. Kxd3 Qa6+ 20. Ke3 Ne7 21. Ne4 Rxc2 22. Nf6+ Kf8 23. Qxc2 Rg5 24. Nxh7+ Ke8 25. Nhxg5 hxg5 26. Rc1 Qc4 27. Qxc4 dxc4 28. Rxc4 b5 29. Rc1 Nd5+ 30. Ke2 g4 31. Nd2 Be7 32. Ne4 Kd7 33. Nc5+ Kd8 34. Nb7+ Kd7 35. Nc5+ Ke8 36. Kd3 b4 37. Kc4 Nc7 38. Ra1 Bd8 39. Nb7 Be7 40. Rxa5 Nd5 41. Rxd5 exd5+ 42. Kxd5 b3 43. Na5 0-1

[Event "Anapa Blitz op"]
[Site "Anapa"]
[Date "2023.10.06"]
[Round "1"]
[White "Akentjev, Kirill"]
[Black "Yatchenko, Leonid"]
[Result "1-0"]
[WhiteElo "1411"]
[BlackElo "2042"]
[PlyCount "84"]
[EventDate "2023.10.06"]
[EventType "swiss (blitz)"]
[EventRounds "13"]
[EventCountry "RUS"]
[SourceTitle "CBM 216 Extra"]
[Source "ChessBase"]
[SourceDate "2023.11.30"]
[SourceVersion "1"]
[SourceVersionDate "2023.11.30"]
[SourceQuality "1"]

1. e4 c5 2. c3 d5 3. exd5 Qxd5 4. Nf3 Nf6 5. Na3 Nc6 6. Nc2 Bg4 7. Be2 e6 8. 0-0 Be7 9. d4 0-0 10. Bf4 cxd4 11. Ncxd4 Nxd4 12. Qxd4 Qxd4 13. Nxd4 Bxe2 14. Nxe2 Rfd8 15. Rfd1 Rac8 16. f3 Nd5 17. Bg3 Bc5+ 18. Bf2 Ne3 19. Bxe3 Bxe3+ 20. Kf1 f5 21. Ke1 Kf7 22. Rxd8 Rxd8 23. Rd1 Rxd1+ 24. Kxd1 Ke7 25. Kc2 Kd6 26. Kd3 Bb6 27. b3 e5 28. c4 Bc5 29. Nc3 a6 30. Nd5 Bg1 31. h3 h5 32. g4 hxg4 33. hxg4 e4+ 34. fxe4 fxg4 35. Ne3 Bxe3 36. Kxe3 Ke5 37. b4 g3 38. a4 g2 39. Kf2 Kxe4 40. b5 Kd4 41. bxa6 bxa6 42. Kxg2 Kxc4 1-0

[Event "Anapa Blitz op"]
[Site "Anapa"]
[Date "2023.10.06"]
[Round "11"]
[White "Lysenko, Margarita"]
[Black "Akentjev, Kirill"]
[Result "1-0"]
[WhiteElo "2264"]
[BlackElo "1411"]
[PlyCount "77"]
[EventDate "2023.10.06"]
[EventType "swiss (blitz)"]
[EventRounds "13"]
[EventCountry "RUS"]
[SourceTitle "CBM 216 Extra"]
[Source "ChessBase"]
[SourceDate "2023.11.30"]
[SourceVersion "1"]
[SourceVersionDate "2023.11.30"]
[SourceQuality "1"]

1. d4 Nf6 2. c4 g6 3. Nf3 Bg7 4. g3 0-0 5. Bg2 d6 6. 0-0 Nbd7 7. Nc3 c6 8. e4 e5 9. h3 Re8 10. Re1 exd4 11. Nxd4 Nc5 12. Qc2 a5 13. Be3 Qc7 14. Rad1 Nfd7 15. f4 Nb6 16. b3 f5 17. exf5 Bxd4 18. Bxd4 Bxf5 19. Qd2 Nbd7 20. g4 Be6 21. f5 Bf7 22. Qh6 Ne5 23. Bxc5 dxc5 24. f6 Nf3+ 25. Kf2 Bxc4 26. Bxf3 Qh2+ 27. Bg2 Qc7 28. bxc4 Rf8 29. Qg5 Rf7 30. Kg1 Raf8 31. Ne4 Qc8 32. Nd6 Qc7 33. Nxf7 Qxf7 34. Re7 Qxc4 35. Rde1 Qd4+ 36. Kh1 Qxf6 37. Qxf6 Rxf6 38. Rxb7 Rf2 39. Re8+ 1-0

[Event "Anapa Blitz op"]
[Site "Anapa"]
[Date "2023.10.06"]
[Round "2"]
[White "Zavorotinskiy, Bogdan"]
[Black "Akentjev, Kirill"]
[Result "1-0"]
[WhiteElo "1493"]
[BlackElo "1411"]
[PlyCount "105"]
[EventDate "2023.10.06"]
[EventType "swiss (blitz)"]
[EventRounds "13"]
[EventCountry "RUS"]
[SourceTitle "CBM 216 Extra"]
[Source "ChessBase"]
[SourceDate "2023.11.30"]
[SourceVersion "1"]
[SourceVersionDate "2023.11.30"]
[SourceQuality "1"]

1. d4 Nf6 2. Bf4 g6 3. e3 Bg7 4. Nf3 0-0 5. Nbd2 d6 6. Be2 Nbd7 7. c3 c6 8. 0-0 Re8 9. Bg3 e5 10. Ne1 e4 11. Nc2 d5 12. c4 Nb6 13. b3 h5 14. h3 Nh7 15. f3 exf3 16. Bxf3 Bh6 17. Re1 Ng5 18. Bf4 Nxf3+ 19. Qxf3 Bxf4 20. Qxf4 Bf5 21. Rac1 Qd7 22. e4 dxe4 23. Nxe4 Bxe4 24. Rxe4 Rxe4 25. Qxe4 Re8 26. Qf4 Nc8 27. Rf1 Nd6 28. Ne3 Re4 29. Qf3 Qe7 30. Nc2 Nf5 31. Qf2 Re2 32. Re1 Rxf2 33. Rxe7 Nxe7 34. Kxf2 Nf5 35. Kf3 Kg7 36. g4 hxg4+ 37. hxg4 Nd6 38. Kf4 Kf6 39. g5+ Ke6 40. Ne3 b5 41. d5+ cxd5 42. cxd5+ Ke7 43. Ke5 a5 44. Kd4 Nb7 45. Ng4 Kd6 46. Ne5 Nd8 47. a3 b4 48. a4 Nb7 49. Nxf7+ Ke7 50. Ne5 Nd6 51. Nc6+ Kd7 52. Nxa5 Nf5+ 53. Ke5 1-0

[Event "Anapa Rapid op"]
[Site "Anapa"]
[Date "2023.10.05"]
[Round "9"]
[White "Akentjev, Kirill"]
[Black "Ermakova, Aliona"]
[Result "0-1"]
[WhiteElo "1411"]
[BlackElo "1776"]
[PlyCount "82"]
[EventDate "2023.10.03"]
[EventType "swiss (rapid)"]
[EventRounds "11"]
[EventCountry "RUS"]
[SourceTitle "CBM 216 Extra"]
[Source "ChessBase"]
[SourceDate "2023.11.30"]
[SourceVersion "1"]
[SourceVersionDate "2023.11.30"]
[SourceQuality "1"]

1. e4 c6 2. d4 d5 3. e5 g6 4. Bd3 h5 5. Nf3 Bg4 6. h3 Bxf3 7. Qxf3 e6 8. 0-0 Nh6 9. Rd1 Nf5 10. Bxf5 gxf5 11. c4 h4 12. Nc3 dxc4 13. d5 cxd5 14. Nxd5 exd5 15. Rxd5 Qe7 16. Qxf5 Qe6 17. Qe4 Nd7 18. Qxc4 Nb6 19. Qb5+ Qc6 20. Qxc6+ bxc6 21. Rd3 Rd8 22. Rxd8+ Kxd8 23. Be3 Kc7 24. a4 Bh6 25. Bc5 Re8 26. a5 Nc4 27. Ra4 Nxe5 28. Rxh4 Bd2 29. Re4 f5 30. Rh4 Bxa5 31. Rh7+ Nd7 32. Bxa7 Kd6 33. Be3 Ne5 34. Bf4 Kd5 35. Rh5 Ke4 36. Bxe5 Rxe5 37. Kf1 Kd3 38. g4 Ke4 39. g5 Kf3 40. Kg1 Re1+ 41. Kh2 Bc7# 0-1

[Event "Anapa Rapid op"]
[Site "Anapa"]
[Date "2023.10.04"]
[Round "6"]
[White "Nazarova, Evgeniya"]
[Black "Akentjev, Kirill"]
[Result "1-0"]
[WhiteElo "1610"]
[BlackElo "1411"]
[PlyCount "101"]
[EventDate "2023.10.03"]
[EventType "swiss (rapid)"]
[EventRounds "11"]
[EventCountry "RUS"]
[SourceTitle "CBM 216 Extra"]
[Source "ChessBase"]
[SourceDate "2023.11.30"]
[SourceVersion "1"]
[SourceVersionDate "2023.11.30"]
[SourceQuality "1"]

1. d4 Nf6 2. Nf3 g6 3. g3 Bg7 4. Bg2 d6 5. 0-0 0-0 6. c4 c6 7. Nc3 Nbd7 8. e4 e5 9. d5 cxd5 10. cxd5 Nc5 11. Ne1 a5 12. h3 Nh5 13. Be3 b6 14. Rc1 Ba6 15. Nc2 Bxf1 16. Bxf1 Nf6 17. Bg2 h5 18. Na3 Ne8 19. Nc4 Rb8 20. Nb5 Qd7 21. Nc3 Nc7 22. b3 N7a6 23. Kh2 f5 24. exf5 Rxf5 25. Ne4 Nxe4 26. Bxe4 Rf6 27. Nxb6 Qb5 28. Bd3 Qxb6 29. Bxb6 Rxb6 30. Rc8+ Bf8 31. Bxa6 Rxa6 32. Kg2 Ra7 33. Qd2 Raf7 34. Ra8 Kh7 35. Rxa5 Bh6 36. Qe2 e4 37. Ra4 e3 38. f3 Rf5 39. Rd4 Re7 40. a4 Ree5 41. f4 Rxd5 42. Rxd5 Rxd5 43. Qxe3 Bg7 44. g4 h4 45. Qe7 Rd2+ 46. Kf1 Rd3 47. Qxh4+ Kg8 48. Qe7 d5 49. Qe6+ Kh7 50. f5 gxf5 51. Qxf5+ 1-0